One letter for one flag shape - Statistics

General Stats
  • This quiz has been taken 16 times
  • The average score is 22 of 24
Answer Stats
Picture Answer % Correct
Benin
100%
Chad
100%
Haiti
100%
Australia
93%
Djibouti
93%
Estonia
93%
Finland
93%
Greece
93%
Kosovo
93%
Laos
93%
Oman
93%
Peru
93%
Uganda
93%
Zimbabwe
93%
Jamaica
86%
Mongolia
86%
Nauru
86%
Qatar
86%
Rwanda
86%
South Sudan
86%
Vanuatu
86%
Yemen
86%
India
79%
Tuvalu
71%
No matching quizzes found
Score Distribution
Percent of People with Each Score
Percentile by Number Answered
Your Score History
You have not taken this quiz